[Event "Sochi ChessAmateur op"]
[Site "Sochi"]
[Date "2018.04.07"]
[Round "9"]
[White "Buvaltsev, Andrey"]
[Black "Obraztsov, Dmitriy"]
[Result "1-0"]
[WhiteElo "1934"]
[BlackElo "1701"]
[PlyCount "95"]
[EventDate "2018.04.01"]
[EventType "swiss"]
[EventRounds "9"]
[EventCountry "RUS"]
[SourceTitle "CBM 184 Extra"]
[Source "ChessBase"]
[SourceDate "2018.06.28"]
[SourceVersion "1"]
[SourceVersionDate "2018.06.28"]
[SourceQuality "1"]

1. d4 d5 2. Bf4 c6 3. Nd2 Nf6 4. e3 Bf5 5. c4 e6 6. Qb3 Qb6 7. c5 Qxb3 8. axb3 a6 9. b4 Be7 10. b5 cxb5 11. Bxb5+ Nc6 12. Ngf3 0-0 13. Bxc6 bxc6 14. Ne5 Rfc8 15. h3 a5 16. 0-0 Bd8 17. Ra3 Ra7 18. Rfa1 Bc2 19. Rc1 Bf5 20. g4 Bg6 21. Nxg6 hxg6 22. Rca1 Rb7 23. Nb3 Rb5 24. Nxa5 Bxa5 25. Rxa5 Rxa5 26. Rxa5 Ne4 27. Kf1 g5 28. Bh2 Kh7 29. f3 Nf6 30. b4 Kg6 31. Ra7 Ne8 32. Kf2 Nf6 33. Be5 Nh7 34. Rc7 Rxc7 35. Bxc7 f6 36. Bd6 Kf7 37. Ke2 Ke8 38. Kd3 g6 39. Kc3 f5 40. b5 cxb5 41. c6 Nf6 42. Kb4 Kd8 43. Kxb5 Kc8 44. Be5 Ne4 45. fxe4 dxe4 46. Kc5 f4 47. exf4 e3 48. fxg5 1-0

[Event "Sochi ChessAmateur op"]
[Site "Sochi"]
[Date "2018.04.02"]
[Round "2"]
[White "Obraztsov, Dmitriy"]
[Black "Zhuk, Kirill"]
[Result "1-0"]
[WhiteElo "1701"]
[BlackElo "1929"]
[PlyCount "85"]
[EventDate "2018.04.01"]
[EventType "swiss"]
[EventRounds "9"]
[EventCountry "RUS"]
[SourceTitle "CBM 184 Extra"]
[Source "ChessBase"]
[SourceDate "2018.06.28"]
[SourceVersion "1"]
[SourceVersionDate "2018.06.28"]
[SourceQuality "1"]

1. e4 e5 2. Nf3 Nc6 3. d4 exd4 4. Nxd4 Bc5 5. Be3 Qf6 6. c3 Qg6 7. Nd2 Nf6 8. Nf5 Bxe3 9. Nxe3 0-0 10. Be2 Re8 11. 0-0 d6 12. f3 a6 13. Rf2 Bd7 14. Bc4 Ne5 15. Be2 Rad8 16. Qb3 b5 17. a4 bxa4 18. Qc2 Bb5 19. c4 Bd7 20. Nd5 Nxd5 21. cxd5 Bb5 22. Bxb5 axb5 23. b3 axb3 24. Nxb3 Nc4 25. Ra7 Rd7 26. Nd4 h6 27. Nxb5 Nb6 28. Rxc7 Rxc7 29. Qxc7 Nxd5 30. Qxd6 Nf6 31. Nc3 Qg5 32. f4 Qa5 33. Qd3 Nxe4 34. Re2 Qa7+ 35. Kf1 Nf6 36. Rxe8+ Nxe8 37. Ke2 Nf6 38. Qd8+ Kh7 39. Qd3+ g6 40. Ne4 Qa2+ 41. Kf3 Qa8 42. Ke3 Nd5+ 43. Qxd5 1-0